Más allá de los 60: un nuevo enfoque para vivir mejor
Saved in:
| Hovedforfatter: | |
|---|---|
| Format: | Bog |
| Sprog: | spansk |
| Udgivet: |
Buenos Aires
Grijalbo
1985
|
| Serier: | Autoayuda y superación
|
| Fag: | |
| Tags: |
Tilføj Tag
Ingen Tags, Vær først til at tagge denne postø!
|
MARC
| LEADER | 00000nam a2200000 a 4500 | ||
|---|---|---|---|
| 001 | UCW5019 | ||
| 003 | CL-VaPUC | ||
| 008 | 901112e19850000AG |||||||||||||||||spa|d | ||
| 082 | 0 | 4 | |a 362.6 |b FIO |2 21 |
| 100 | 0 | |a Fiomme, Allan |e author |9 309822 | |
| 245 | 1 | 0 | |a Más allá de los 60: un nuevo enfoque para vivir mejor |
| 300 | |a 217 p | ||
| 942 | |c BK | ||
| 945 | |d 19901112 00:00:00 | ||
| 260 | |a Buenos Aires |b Grijalbo |c 1985 | ||
| 650 | 0 | |a Tercera edad |9 307285 | |
| 650 | 0 | |a Ancianos |9 307293 | |
| 650 | 0 | |a Aspectos psicológicos |9 258128 | |
| 650 | 7 | |a GERONTOLOGIA |2 CL-VaPUC |9 309824 | |
| 583 | |a last modification |c 19901112 00:00:00 |k Rodrigo Vera | ||
| 490 | 0 | |a Autoayuda y superación | |
| 999 | |c 218540 |d 218538 | ||
| 952 | |0 0 |1 0 |4 0 |6 362_600000000000000_FIO_1985 |7 0 |8 P |9 208262 |a BIBEDU |b BIBEDU |c BIBEDU_PB |d 2019-11-15 |i 2762072 |o 362.6 FIO 1985 |p 2762072 |r 2024-01-25 |w 2019-11-15 |y BK |k EDU | ||